Encyclopaedia of home science/ (Record no. 164376)

MARC details
000 -LEADER
fixed length control field 00672nam a22001937a 4500
005 - DATE AND TIME OF LATEST TRANSACTION
control field 20190517111756.0
010 ## - LCCN (DPL NO)
LC control number A-702042
020 ## - INTERNATIONAL STANDARD BOOK NUMBER
International Standard Book Number 8170419069
Terms of availability 00.00
035 ## - SYSTEM CONTROL NUMBER
System control number A-702042
037 ## - SOURCE OF ACQUISITION
Source of stock number/acquisition DBD/PUB
082 ## - DEWEY DECIMAL CLASSIFICATION NUMBER
Classification number 640.3
100 ## - MAIN ENTRY--PERSONAL NAME
Personal name Encyclopaedia of home science
245 ## - TITLE STATEMENT
Title Encyclopaedia of home science/
Statement of responsibility, etc ed. by S.R Sharma [and] vijay kaushik
260 ## - PUBLICATION, DISTRIBUTION, ETC. (IMPRINT)
Place of publication, distribution, etc New Delhi
Name of publisher, distributor, etc Anmol publications
Date of publication, distribution, etc 1994
270 ## - ADDRESS
Address 4374/4B, ansari road Daryaganj,
City New Delhi
Postal code 110002
300 ## - PHYSICAL DESCRIPTION
Extent v,261p.
Dimensions 21cm.(Hbk)
942 ## - ADDED ENTRY ELEMENTS (KOHA)
Source of classification or shelving scheme Dewey Decimal Classification
Item type English Books
Edition 1994
Classification part 640.3
Call number suffix EMC

No items available.


© Delhi Public Library
Hit Counter
free hit counter